000 00537nam a2200193Ia 4500
003 LK-CoDNM
008 010623t2002 xxu||||| |||| 00| 1 sin d
040 _aLK-CoDNM
_dLK-CoDNM
_eLK-CoDNM
041 _asin
080 _a37
_bSEN
100 _aSenadira, Silvi
245 _aළමා වර්ධනය සහ සංවර්ධනය
246 _aLamaa Vardanaya saha Sanvardhanaya
260 _bS.Godage Brothers
_aColombo
_c2002
300 _b142, 22 cm
650 _aDevelopment Child
650 _aPsychology
942 _cBK
999 _c122460
_d122460